Statistiken für Members 187

Klicken Sie hier um das Quiz zu spielen!

Allgemein

  • Dieses Quiz wurde 51 mal gespielt
  • Das Durchschnittsergebnis liegt bei 4 aus 5

Antwortstatistiken

Antwort% Korrekt
Gzuz
100%
Bonez Mc
89%
Maxwell
84%
LX
82%
Sa4
68%

Verteilung der Resultate

Perzentil nach korrekt beantworteten Fragen

Anzahl Personen mit jedem Resultat

Ihre Resultats-Entwicklung

Sie haben dieses Quiz noch nicht gespielt